000 00314nam a22001337a 4500
008 170609b xxu||||| |||| 00| 0 eng d
020 _a9780813321059
041 _aeng
080 _a94(7/8)
100 _a19
101 _aSHH
245 _aLATIN AMERICA IN COMPARATIVE PERSPECTIVE
_cSMITH, P.H
942 _2udc
_cBK
999 _c16714
_d16714